| 000 | 00601nam a22002057a 4500 | ||
|---|---|---|---|
| 003 | CO-ViMGA | ||
| 008 | 170811b xxu||||| |||| 00| 0 eng d | ||
| 020 | _a9789875452374 | ||
| 040 |
_aCO-ViMGA _bspa _cCO-ViMGA |
||
| 090 | _aSANs | ||
| 100 | 1 |
_aSANTA ANA, ANTONIO _d1963, _910471 |
|
| 245 | 1 | 0 |
_aLos superfósforos / _cSanta Ana, Antonio ; |
| 300 |
_a104 pg, _b20 x 11.6 cm |
||
| 490 | _aLa Ed, | ||
| 534 |
_pTitulo original castellano ; _tLos superfósforos |
||
| 650 | 1 | 4 |
_aCuentos Infantiles, _vJuvenil _910472 |
| 700 | 1 |
_aSanta Ana, Antonio _etx, _910473 |
|
| 942 |
_2ddc _cBK |
||
| 945 | _aSANs | ||
| 999 |
_c36784 _d36784 |
||